[Event "Reykjavik Open 2024"]
[Site "Reykjavik ISL"]
[Date "2024.03.16"]
[Round "3.73"]
[White "Omarsson, Adam"]
[Black "Koletzko, Leon"]
[Result "1-0"]
[WhiteElo "1976"]
[BlackElo "1777"]
[WhiteFideId "2311453"]
[BlackFideId "34644334"]
[EventDate "2024.03.15"]

1. d4 Nf6 2. c4 e5 3. dxe5 Ng4 4. Bf4 Nc6 5. Nf3 Bb4+ 6. Nc3 Bxc3+ 7. bxc3 Qe7
8. Qd5 f6 9. exf6 Nxf6 10. Qd3 d6 11. e3 Bd7 12. Be2 O-O-O 13. Rb1 h6 14. c5
dxc5 15. Qa6 Nb4 16. Qxa7 Bc6 17. cxb4 Kd7 18. Ne5+ Ke8 19. Nxc6 bxc6 20. Qxc5
Qf7 21. Qxc6+ Rd7 22. O-O Ke7 23. Bc4 Qg6 24. Qe6+ Kf8 25. Rbd1 Re7 26. Rd8+ Re8
27. Qd6+ cxd6 28. Bxd6# 1-0

[Event "Reykjavik Open 2024"]
[Site "Reykjavik ISL"]
[Date "2024.03.16"]
[Round "3.74"]
[White "Wallasch, Stefan"]
[Black "Larson, Gerald"]
[Result "1/2-1/2"]
[WhiteElo "1777"]
[BlackElo "1987"]
[WhiteFideId "34646043"]
[BlackFideId "2018756"]
[EventDate "2024.03.15"]

1. d4 Nf6 2. Bg5 Ne4 3. h4 d5 4. Nd2 h6 5. Bf4 Bf5 6. Nxe4 Bxe4 7. f3 Bh7 8. e3
e6 9. Bd3 Bxd3 10. Qxd3 Nd7 11. O-O-O a6 12. Ne2 b5 13. g4 g6 14. e4 c6 15. Bd2
Nb6 16. f4 dxe4 17. Qxe4 Qd5 18. Nc3 Qxe4 19. Nxe4 Nc4 20. Nc5 Bd6 21. Nd3 Nxd2
22. Rxd2 O-O-O 23. Ne5 Rhf8 24. Rf1 Kc7 25. Rd3 1/2-1/2

[Event "Reykjavik Open 2024"]
[Site "Reykjavik ISL"]
[Date "2024.03.16"]
[Round "3.75"]
[White "Jaroszewicz, Dawid"]
[Black "Nolsoe, Rani"]
[Result "1-0"]
[WhiteElo "1757"]
[BlackElo "1986"]
[WhiteFideId "41809742"]
[BlackFideId "7200064"]
[EventDate "2024.03.15"]

1. Nf3 Nf6 2. c4 g6 3. d4 Bg7 4. Nc3 O-O 5. e4 d6 6. h3 e5 7. d5 a5 8. Bg5 Na6
9. Bd3 Nc5 10. Bc2 Bd7 11. Qd2 Qe8 12. g4 Qc8 13. O-O-O Rb8 14. Qe3 b5 15. Nxe5
Nfxe4 16. Nxe4 Bxe5 17. Nf6+ Kh8 18. f4 Bxb2+ 19. Kxb2 bxc4+ 20. Ka1 Qb7 21. Rb1
Qa7 22. Qc3 1-0

[Event "Reykjavik Open 2024"]
[Site "Reykjavik ISL"]
[Date "2024.03.16"]
[Round "3.76"]
[White "Ragnarsson, Johann"]
[Black "Joensen, Henrik W."]
[Result "1-0"]
[WhiteElo "1948"]
[BlackElo "1751"]
[WhiteFideId "2301040"]
[BlackFideId "7203780"]
[EventDate "2024.03.15"]

1. d4 Nf6 2. c4 e6 3. Nc3 Bb4 4. a3 Bxc3+ 5. bxc3 c5 6. d5 d6 7. f3 Qa5 8. Bb2
O-O 9. e4 Bd7 10. g4 exd5 11. cxd5 b5 12. Ne2 Na6 13. Ng3 Kh8 14. Bd3 c4 15. Bc2
Nc5 16. O-O Qb6 17. Kh1 Rfe8 18. Bc1 Qa5 19. Be3 Nb7 20. Bd4 Qd8 21. g5 Ng8 22.
Nh5 f6 23. Rg1 Rf8 24. f4 g6 25. Nxf6 Nxf6 26. Bxf6+ Rxf6 27. Qd4 Kg7 28. Raf1
Kf7 29. gxf6 Qxf6 30. e5 Qe7 31. e6+ Bxe6 32. dxe6+ Qxe6 33. f5 1-0

[Event "Reykjavik Open 2024"]
[Site "Reykjavik ISL"]
[Date "2024.03.16"]
[Round "3.77"]
[White "Hill, Andy"]
[Black "Eythorsson, Engilbert Vidar"]
[Result "1-0"]
[WhiteElo "1926"]
[BlackElo "1743"]
[WhiteFideId "499927"]
[BlackFideId "2321769"]
[EventDate "2024.03.15"]

1. Nf3 d5 2. e3 Nf6 3. c4 e6 4. Nc3 c6 5. b3 Bd6 6. Bb2 Nbd7 7. d4 Bb4 8. a3
Bxc3+ 9. Bxc3 Ne4 10. Bb2 a5 11. Bd3 Ndf6 12. O-O O-O 13. a4 Re8 14. Qc2 h6 15.
Ne5 Qc7 16. f3 Ng5 17. Ba3 Ngh7 18. f4 Nf8 19. Rf3 N8d7 20. Raf1 b6 21. cxd5
Nxe5 22. fxe5 Nxd5 23. Bh7+ Kh8 24. Rxf7 Bd7 25. Qg6 Rg8 26. Bxg8 Rxg8 27. Bf8
Bc8 28. Bxg7+ Rxg7 29. Qxg7# 1-0

[Event "Reykjavik Open 2024"]
[Site "Reykjavik ISL"]
[Date "2024.03.16"]
[Round "3.78"]
[White "Smits, Eduard"]
[Black "Wolterink, Jule"]
[Result "1/2-1/2"]
[WhiteElo "1918"]
[BlackElo "1720"]
[WhiteFideId "1044184"]
[BlackFideId "12981206"]
[EventDate "2024.03.15"]

1. d4 e6 2. c4 Nf6 3. Nf3 b6 4. Nc3 Bb7 5. e3 Be7 6. Bd3 d5 7. O-O O-O 8. Qe2
Nbd7 9. b3 c5 10. Bb2 Re8 11. Rfd1 Qc7 12. cxd5 Nxd5 13. Rac1 Qb8 14. Bb1 cxd4
15. Nxd5 Bxd5 16. Bxd4 Nf6 1/2-1/2

[Event "Reykjavik Open 2024"]
[Site "Reykjavik ISL"]
[Date "2024.03.16"]
[Round "3.79"]
[White "Seshadri, Sridhar"]
[Black "Thorsteinsdottir, Hallgerdur"]
[Result "0-1"]
[BlackTitle "WFM"]
[WhiteElo "1680"]
[BlackElo "1953"]
[WhiteFideId "30913942"]
[BlackFideId "2302454"]
[EventDate "2024.03.15"]

1. d4 Nf6 2. e3 b6 3. Be2 Bb7 4. Bf3 Bxf3 5. Qxf3 d5 6. h4 e6 7. Nd2 c5 8. c3
Nc6 9. h5 h6 10. Ne2 Be7 11. e4 cxd4 12. cxd4 dxe4 13. Nxe4 Rc8 14. Be3 Nb4 15.
O-O O-O 16. N2c3 Nfd5 17. a3 Nxc3 18. Nxc3 Nc2 19. Rad1 Nxe3 20. fxe3 Bxa3 21.
Nb5 Bxb2 22. Nxa7 Rc2 23. Nc6 Qg5 24. Ne5 Qe7 25. Qe4 Rc7 26. Rb1 Qa3 27. Nd3
Rc2 28. Rf2 Rxf2 29. Kxf2 Bc3 30. Rxb6 Qa5 31. Rb3 Qa2+ 32. Rb2 Bxb2 33. Nb4 Qb3
34. Nc6 Ba3 35. Ne5 Bd6 36. Nd3 Rc8 37. Nc5 Bxc5 38. dxc5 Qd5 0-1

[Event "Reykjavik Open 2024"]
[Site "Reykjavik ISL"]
[Date "2024.03.16"]
[Round "3.80"]
[White "Pollitt, Henry"]
[Black "Javet, Blaise"]
[Result "0-1"]
[WhiteElo "1674"]
[BlackElo "1942"]
[WhiteFideId "2644916"]
[BlackFideId "1305026"]
[EventDate "2024.03.15"]

1. e4 c5 2. c3 Nf6 3. e5 Nd5 4. Nf3 e6 5. d4 cxd4 6. cxd4 Nc6 7. Nc3 d6 8. exd6
Bxd6 9. Bd3 Nf4 10. O-O Nxd3 11. Qxd3 Nb4 12. Qe2 O-O 13. a3 Nd5 14. Ne4 Be7 15.
Bg5 f6 16. Be3 b6 17. Rac1 Bb7 18. Nc3 Rc8 19. Bd2 Nc7 20. Qe3 Re8 21. Rfe1 Bf8
22. Na2 Kh8 23. Bc3 Nd5 24. Qd2 Bd6 25. Rc2 Qd7 26. Bb4 Bxb4 27. Nxb4 Nxb4 28.
Rxc8 Rxc8 29. Qxb4 Bxf3 30. gxf3 h6 31. Re3 Qd5 32. Rc3 Rd8 33. Qc4 Qg5+ 34. Kh1
Qd2 35. Kg2 Rxd4 36. Qc8+ Kh7 37. Re3 Rd5 38. Qxe6 Rg5+ 39. Kf1 Qxb2 40. f4 Qc1+
41. Ke2 Rc5 42. Qe4+ f5 43. Qe7 Rc2+ 44. Kf3 Qh1+ 45. Kg3 Qg1+ 46. Kh4 Qg4# 0-1

[Event "Reykjavik Open 2024"]
[Site "Reykjavik ISL"]
[Date "2024.03.16"]
[Round "3.81"]
[White "Sveinsson, Gudmundur Peng"]
[Black "Speck, Stefan"]
[Result "1/2-1/2"]
[WhiteElo "1620"]
[BlackElo "1921"]
[WhiteFideId "2314550"]
[BlackFideId "4639219"]
[EventDate "2024.03.15"]

1. e4 c5 2. Nf3 Nc6 3. d4 cxd4 4. Nxd4 e5 5. Nb5 a6 6. Nd6+ Bxd6 7. Qxd6 Qf6 8.
Qxf6 Nxf6 9. f3 d5 10. exd5 Nxd5 11. c3 Bf5 12. Bc4 O-O-O 13. O-O f6 14. Na3 Nf4
15. Bxf4 exf4 16. Rfd1 Kc7 17. Bf1 h5 18. b4 Rxd1 19. Rxd1 b5 20. Rc1 Kb6 21. c4
Nxb4 22. cxb5 axb5 23. Bxb5 Rd8 24. Bc4 Ra8 25. Rc3 Rd8 26. Rb3 Kc5 27. Rc3 Kb6
28. Rb3 Kc5 1/2-1/2

[Event "Reykjavik Open 2024"]
[Site "Reykjavik ISL"]
[Date "2024.03.16"]
[Round "3.83"]
[White "Stefansson, Hannes"]
[Black "Wehding, Anton Bonsvig"]
[Result "1-0"]
[WhiteTitle "GM"]
[WhiteElo "2481"]
[BlackElo "2056"]
[WhiteFideId "2300087"]
[BlackFideId "1463217"]
[EventDate "2024.03.15"]

1. e4 c5 2. Nf3 Nc6 3. Bb5 e6 4. Bxc6 bxc6 5. d3 d5 6. Nbd2 g6 7. O-O Bg7 8. Re1
Nf6 9. e5 Nd7 10. Nf1 Rb8 11. b3 O-O 12. Bf4 h6 13. h4 Rb4 14. Qd2 Kh7 15. c4 f5
16. exf6 Qxf6 17. Bd6 Re8 18. Rad1 e5 19. Bxc5 Rb8 20. Ba3 Nf8 21. Bb2 Qd6 22.
Qe2 Bg4 23. N1h2 Bxf3 24. Nxf3 d4 25. Nd2 Ne6 26. Ne4 Qe7 27. h5 g5 28. Ng3 Qf7
29. Qe4+ Kg8 30. Qxc6 Nf4 31. Qf3 Nh3+ 32. Kh2 Qxf3 33. gxf3 g4 34. Ba3 Re6 35.
Ne4 Bf8 36. Bc1 Bb4 37. Rf1 Ra6 38. fxg4 Nf4 39. Bxf4 exf4 40. Ra1 Re8 41. Kg2 1-0

[Event "Reykjavik Open 2024"]
[Site "Reykjavik ISL"]
[Date "2024.03.16"]
[Round "3.84"]
[White "Skarphedinsson, Ingvar Wu"]
[Black "Zhu, Jiner"]
[Result "1/2-1/2"]
[BlackTitle "GM"]
[WhiteElo "2049"]
[BlackElo "2467"]
[WhiteFideId "2316943"]
[BlackFideId "8608059"]
[EventDate "2024.03.15"]

1. d4 Nf6 2. c4 g6 3. Nc3 Bg7 4. e4 d6 5. Be2 O-O 6. Bg5 c5 7. d5 e6 8. Nf3 exd5
9. exd5 Qb6 10. Qd2 Bf5 11. O-O Ne4 12. Nxe4 Bxe4 13. Bh6 Bxh6 14. Qxh6 Bxf3 15.
Bxf3 Qxb2 16. Qf4 Qb6 17. Rab1 Qc7 18. Rfe1 Na6 19. Qf6 Rae8 20. h4 Qd8 21. Qxd8
Rxe1+ 22. Rxe1 Rxd8 23. Re7 Rb8 24. Rd7 Kf8 25. Bg4 Nb4 26. Rxd6 Nxa2 27. Rd7 a5
28. Rc7 a4 29. Rxc5 Ra8 30. d6 Rd8 31. Ra5 Rxd6 32. Rxa4 Nc3 33. Ra3 Ne4 34. Bf3
Rd4 35. Ra8+ Kg7 36. Rb8 Nc5 37. Bd5 Rxh4 38. g3 Rd4 39. Rc8 Rd1+ 40. Kg2 Nd3
41. Rc7 b5 42. Bxf7 b4 43. c5 Kf6 44. Bc4 Ne1+ 45. Kh2 Rc1 46. Bg8 Nd3 47. c6
Rc3 48. Rf7+ Ke5 49. Rf3 Kd6 50. Bxh7 Ne5 51. Rf4 b3 52. Rb4 Nxc6 53. Rb7 Ne7
54. Kg2 Ke6 55. Rb6+ Kf7 56. Rb7 Kf6 57. Rb6+ Kf5 58. Rb5+ Ke6 59. Rb6+ Kd5 60.
Rb7 Kd6 61. Kh2 Rc5 62. Bxg6 Nxg6 63. Rxb3 Ke5 64. Kg2 Kf5 65. Rf3+ Kg5 66. Re3
Rc2 67. Rb3 Ne5 68. Rb5 Kf6 69. Rb6+ Kf5 70. Rb8 Ke4 71. Re8 Ra2 72. Rf8 Nd3 73.
Re8+ Kd4 74. Rd8+ Kc3 75. Rc8+ Kd2 76. Rd8 Ke2 77. Re8+ Kd1 78. Rf8 Re2 79. Kf1
Rd2 80. Kg2 Ne5 81. Rf4 Rd3 82. Re4 Rd5 83. f4 Rd2+ 84. Kh3 Nd3 85. Re8 Nf2+ 86.
Kh4 Rd4 87. Kg5 Kd2 88. Kf5 Kd3 89. Re1 Ra4 90. Re8 Ne4 91. Rxe4 Rxe4 92. g4 Ke3
93. g5 Rxf4+ 94. Ke5 Re4+ 95. Kf5 Rf4+ 96. Ke5 Re4+ 97. Kf5 Rf4+ 1/2-1/2

[Event "Reykjavik Open 2024"]
[Site "Reykjavik ISL"]
[Date "2024.03.16"]
[Round "3.85"]
[White "Brackmann, Hendrik"]
[Black "Hjartarson, Johann"]
[Result "0-1"]
[BlackTitle "GM"]
[WhiteElo "2037"]
[BlackElo "2460"]
[WhiteFideId "12905135"]
[BlackFideId "2300044"]
[EventDate "2024.03.15"]

1. e4 g6 2. d4 Bg7 3. Nc3 d6 4. Nf3 a6 5. Be2 b5 6. O-O Bb7 7. Re1 Nd7 8. Bf1 c5
9. d5 Ngf6 10. h3 O-O 11. Bf4 Nb6 12. Qd2 Re8 13. a4 b4 14. Nd1 e6 15. dxe6 Rxe6
16. Ng5 Nxe4 17. Rxe4 Rxe4 18. Nxe4 Bxe4 19. Qxd6 Qxd6 20. Bxd6 Bxc2 21. Bxc5
Nxa4 22. Bxb4 a5 23. Ba3 Bxd1 24. Rxd1 Bxb2 25. Bxb2 Nxb2 26. Ra1 a4 27. Ra3 Kf8
28. Be2 Ke7 29. Kf1 Kd6 30. Ke1 Kc5 31. Kd2 Kb4 32. Ra1 a3 33. Kc2 Rc8+ 34. Kd2
Kb3 0-1

[Event "Reykjavik Open 2024"]
[Site "Reykjavik ISL"]
[Date "2024.03.16"]
[Round "3.86"]
[White "Heidarsson, Arnar Milutin"]
[Black "Fantinel, Thibault"]
[Result "0-1"]
[BlackTitle "IM"]
[WhiteElo "2037"]
[BlackElo "2421"]
[WhiteFideId "2312875"]
[BlackFideId "663395"]
[EventDate "2024.03.15"]

1. d4 Nf6 2. c4 g6 3. Nc3 Bg7 4. Nf3 O-O 5. Bg5 h6 6. Bh4 c5 7. d5 d6 8. e3 Bf5
9. Bd3 Bxd3 10. Qxd3 g5 11. Bg3 Nh5 12. Nd2 Nd7 13. O-O f5 14. f3 a6 15. Be1 b5
16. cxb5 axb5 17. Nxb5 Ne5 18. Qc2 f4 19. exf4 Nxf4 20. Qe4 Qb8 21. a4 Qb7 22.
g3 Nxd5 23. Nc3 e6 24. f4 gxf4 25. gxf4 Nf7 26. Qxe6 Ne3 27. Rf2 Rfe8 28. Qb3
Qc6 29. Nb5 c4 30. Rc1 d5 31. Nf3 Qg6+ 0-1

[Event "Reykjavik Open 2024"]
[Site "Reykjavik ISL"]
[Date "2024.03.16"]
[Round "3.87"]
[White "Moksh, Amit Doshi"]
[Black "Alic, Miran"]
[Result "1-0"]
[WhiteTitle "IM"]
[WhiteElo "2353"]
[BlackElo "2033"]
[WhiteFideId "25064967"]
[BlackFideId "24605425"]
[EventDate "2024.03.15"]

1. c4 e6 2. g3 d5 3. Bg2 a6 4. Nf3 Nc6 5. O-O Rb8 6. b3 Nf6 7. d4 Be7 8. Nc3
dxc4 9. bxc4 O-O 10. Rb1 Na5 11. Qd3 c5 12. dxc5 Bxc5 13. Qxd8 Rxd8 14. Bf4 Bd6
15. Rfd1 Nxc4 16. Ne5 Na3 17. Rb6 Bc7 18. Rxd8+ Bxd8 19. Rb3 g5 20. Bxg5 Nb5 21.
Nxb5 axb5 22. Rxb5 Ra8 23. Bxb7 Bxb7 24. Rxb7 1-0

[Event "Reykjavik Open 2024"]
[Site "Reykjavik ISL"]
[Date "2024.03.16"]
[Round "3.88"]
[White "Risting, Eivind Olav"]
[Black "Kolka, David"]
[Result "1-0"]
[WhiteTitle "FM"]
[WhiteElo "2336"]
[BlackElo "2030"]
[WhiteFideId "1517333"]
[BlackFideId "2308010"]
[EventDate "2024.03.15"]

1. c4 Nf6 2. Nc3 c5 3. g3 g6 4. Bg2 Bg7 5. Nf3 Nc6 6. O-O O-O 7. d4 cxd4 8. Nxd4
Nxd4 9. Qxd4 d6 10. Qd3 Rb8 11. Bd2 Be6 12. b3 Qd7 13. Rfd1 Rfd8 14. e4 Bh3 15.
Bh1 Ng4 16. Rac1 Ne5 17. Qe2 Nc6 18. Be3 b6 19. Nd5 Bg4 20. f3 Be6 21. Bg2 Bxd5
22. cxd5 Na5 23. b4 Nb7 24. Qa6 Ra8 25. Bf1 e6 26. Bg5 f6 27. dxe6 Qe7 28. Bf4
Kh8 29. Bc4 g5 30. Be3 1-0

[Event "Reykjavik Open 2024"]
[Site "Reykjavik ISL"]
[Date "2024.03.16"]
[Round "3.89"]
[White "Van Veenendaal, Elmer"]
[Black "Kistrup, Nicolai"]
[Result "0-1"]
[BlackTitle "FM"]
[WhiteElo "2027"]
[BlackElo "2324"]
[WhiteFideId "1026801"]
[BlackFideId "1444816"]
[EventDate "2024.03.15"]

1. Nf3 d5 2. c4 d4 3. e4 Nc6 4. d3 e5 5. Be2 Be7 6. O-O Nf6 7. Ne1 O-O 8. f4
exf4 9. Bxf4 Nd7 10. Bg4 Nc5 11. Na3 Ne6 12. Bg3 Bd6 13. Bxd6 Qxd6 14. Nb5 Qe7
15. Qd2 a6 16. Na3 Ne5 17. Bh3 a5 18. Nec2 Ra6 19. Nb5 c5 20. Rf2 Ng5 21. Bxc8
Rxc8 22. Rf5 Rg6 23. Kh1 Ng4 24. Raf1 f6 25. Qxa5 Rh6 26. h3 Nxh3 27. gxh3 Rxh3+
28. Kg2 Rh2+ 29. Kg3 h5 30. Ne1 g6 31. Rd5 f5 32. Ng2 Qg5 33. Rdxf5 gxf5 34.
Rxf5 h4+ 35. Kf3 Ne5+ 36. Rxe5 Qg3+ 0-1

[Event "Reykjavik Open 2024"]
[Site "Reykjavik ISL"]
[Date "2024.03.16"]
[Round "3.90"]
[White "Karsten, Jan"]
[Black "Franco, Gaston"]
[Result "1/2-1/2"]
[WhiteTitle "IM"]
[WhiteElo "2323"]
[BlackElo "2021"]
[WhiteFideId "14350653"]
[BlackFideId "117722"]
[EventDate "2024.03.15"]

1. e4 c5 2. Nf3 Nc6 3. d4 cxd4 4. Nxd4 g6 5. c4 Bg7 6. Be3 Nf6 7. Nc3 O-O 8. Be2
d6 9. O-O Nxd4 10. Bxd4 Bd7 11. Re1 Bc6 12. Qc2 a5 13. b3 Nd7 14. Bxg7 Kxg7 15.
Rad1 Qb6 16. Qb2 Kg8 17. h4 Nc5 18. Bf3 Qb4 19. e5 dxe5 20. Rxe5 a4 21. h5 axb3
22. Bxc6 bxc6 23. h6 Qa3 24. Qxa3 Rxa3 25. Rxc5 bxa2 26. Nxa2 Rxa2 27. Rxc6 f6
28. Rc7 Kf7 29. Re1 Re8 30. f4 Ra6 31. Re2 Re6 32. Rc2 Ra8 33. c5 g5 34. fxg5
fxg5 35. c6 Ra6 36. Rc8 Rxh6 37. Kf2 Re6 38. g4 Kg7 39. Kf3 Ra3+ 40. Kf2 Ra6 41.
Rc3 Ra2+ 42. Kf3 Ra6 43. c7 Rac6 1/2-1/2

[Event "Reykjavik Open 2024"]
[Site "Reykjavik ISL"]
[Date "2024.03.16"]
[Round "3.91"]
[White "Erlbeck, Peter"]
[Black "Stanford, Maxim Barth"]
[Result "1/2-1/2"]
[BlackTitle "IM"]
[WhiteElo "2014"]
[BlackElo "2275"]
[WhiteFideId "4642910"]
[BlackFideId "408280"]
[EventDate "2024.03.15"]

1. e4 c5 2. Nc3 a6 3. f4 b5 4. Nf3 Bb7 5. d3 e6 6. g4 Nc6 7. Bg2 Nd4 8. O-O h5
9. g5 h4 10. h3 Ne7 11. Nxd4 cxd4 12. Ne2 Qb6 13. Bd2 d5 14. Kh2 dxe4 15. dxe4
Nc6 16. Nc1 O-O-O 17. Nd3 Kb8 18. Qg4 Na5 19. Bxa5 Qxa5 20. Ne5 Qc7 21. g6 fxg6
22. Qxg6 Rh6 23. Qf7 Rc8 24. Qxc7+ Rxc7 25. Rf2 Bc5 26. Nd3 Be7 27. Re1 Rh8 28.
Ree2 Rf8 29. e5 g5 30. Bxb7 Kxb7 31. Kg2 Rfc8 32. Kf3 Rc4 33. Ke4 gxf4 34. Nxf4
Bg5 35. Nd3 a5 36. b3 Be3 37. Rg2 R4c7 38. Ne1 Rf8 39. Rg4 Rf2 40. Rxf2 Bxf2 41.
Nd3 Rxc2 42. Nxf2 Rxf2 43. Rxh4 d3 44. Kxd3 Kc6 45. Rd4 Rxa2 46. Rd6+ Kc5 47.
Rxe6 Rh2 48. Rh6 a4 49. bxa4 bxa4 50. e6 Kd6 51. Kc3 a3 52. Kb3 a2 53. e7+ Kxe7
54. Ra6 Rxh3+ 55. Kxa2 1/2-1/2

[Event "Reykjavik Open 2024"]
[Site "Reykjavik ISL"]
[Date "2024.03.16"]
[Round "3.92"]
[White "Dietzsch, Herbert"]
[Black "Pourkashiyan, Atousa"]
[Result "0-1"]
[BlackTitle "WGM"]
[WhiteElo "1998"]
[BlackElo "2270"]
[WhiteFideId "4608364"]
[BlackFideId "12502014"]
[EventDate "2024.03.15"]

1. e4 c5 2. Nf3 e6 3. d4 cxd4 4. Nxd4 a6 5. a3 Nf6 6. Nc3 d6 7. Be3 Be7 8. Be2
Nbd7 9. f4 Qc7 10. O-O O-O 11. Bf3 Nb6 12. Qd3 Nc4 13. Bc1 e5 14. Nde2 b5 15. b3
Nb6 16. Kh1 Bb7 17. Be3 Rac8 18. Rad1 Nbd7 19. Rd2 Nc5 20. Bxc5 Qxc5 21. Nd5
Bxd5 22. exd5 Qxa3 23. fxe5 dxe5 24. Ng3 Rfd8 25. Re2 Bd6 26. Qf5 Rc7 27. Be4
Nxe4 28. Nxe4 h6 29. Re3 Kh8 30. Rh3 Bf8 31. Ng5 g6 32. Qf6+ Kg8 33. Qxd8 Rxc2
34. Nxf7 Rf2 35. Nxh6+ 0-1

[Event "Reykjavik Open 2024"]
[Site "Reykjavik ISL"]
[Date "2024.03.16"]
[Round "3.94"]
[White "Ostensson, Julia"]
[Black "Riisem, Oyvind"]
[Result "1-0"]
[WhiteElo "1996"]
[BlackElo "2234"]
[WhiteFideId "1747703"]
[BlackFideId "1504673"]
[EventDate "2024.03.15"]

1. e4 c5 2. Nf3 Nc6 3. Bb5 e6 4. O-O Nge7 5. Re1 a6 6. Bf1 d5 7. exd5 Nxd5 8. d4
Nf6 9. dxc5 Qxd1 10. Rxd1 Bxc5 11. Nbd2 e5 12. Re1 O-O 13. c3 Re8 14. Bd3 Bg4
15. Ng5 Rad8 16. Bc2 Ba7 17. h3 Bh5 18. Nde4 Nxe4 19. Nxe4 Bg6 20. Bg5 Ne7 21.
Rad1 Kf8 22. Kf1 f6 23. Bc1 Nf5 24. Ba4 b5 25. Bb3 Ke7 26. Bd5 Nd6 27. Ng3 Kd7
28. a4 Kc7 29. axb5 axb5 30. b3 Bc5 31. Bd2 Nc8 32. c4 Bd3+ 33. Kg1 Bc2 34. Rc1
Bxb3 35. Ba5+ Nb6 36. Ne4 Ba3 37. cxb5+ Bxc1 38. Rxc1+ Kb8 39. Bxb3 Rd4 40. Nc5
Nd5 41. Nd7+ Kb7 42. Bxd5+ Rxd5 43. Rc7+ 1-0

[Event "Reykjavik Open 2024"]
[Site "Reykjavik ISL"]
[Date "2024.03.16"]
[Round "3.95"]
[White "Sachi Jain"]
[Black "Povah, Nigel E"]
[Result "1/2-1/2"]
[WhiteTitle "WCM"]
[BlackTitle "IM"]
[WhiteElo "1992"]
[BlackElo "2202"]
[WhiteFideId "25974050"]
[BlackFideId "400467"]
[EventDate "2024.03.15"]

1. e4 c5 2. Nf3 Nc6 3. d4 cxd4 4. Nxd4 e5 5. Nb5 d6 6. N1c3 a6 7. Na3 Be7 8. Nd5
Nf6 9. Nxe7 Qxe7 10. Bg5 b5 11. c4 b4 12. Nc2 O-O 13. g3 h6 14. Bxf6 Qxf6 15.
Bg2 Bb7 16. O-O Rad8 17. Qd2 a5 18. Rad1 Qe7 19. Ne3 Nd4 20. Nc2 Ne6 21. Ne3 Nd4
22. Nc2 Ne6 23. Ne3 1/2-1/2

[Event "Reykjavik Open 2024"]
[Site "Reykjavik ISL"]
[Date "2024.03.16"]
[Round "3.96"]
[White "Kunz, Andre"]
[Black "Heer, Stephan"]
[Result "1-0"]
[WhiteTitle "CM"]
[WhiteElo "2197"]
[BlackElo "1987"]
[WhiteFideId "24623652"]
[BlackFideId "1302345"]
[EventDate "2024.03.15"]

1. e4 g6 2. d4 Bg7 3. Nf3 d6 4. Bc4 e6 5. O-O a6 6. Re1 b5 7. Bb3 Bb7 8. a4 Nd7
9. c3 Ne7 10. Bf4 O-O 11. Nbd2 h6 12. Qe2 Rb8 13. axb5 axb5 14. h3 Re8 15. Bc2
b4 16. c4 Nc6 17. Be3 e5 18. d5 Nd4 19. Bxd4 exd4 20. Nb3 c5 21. dxc6 Bxc6 22.
Nfxd4 Qb6 23. Nxc6 Qxc6 24. Na5 Qc7 25. Ba4 Re6 26. Bc6 Rb6 27. Bd5 Re8 28. Nb3
Nc5 29. Qc2 Ra6 30. Rxa6 Nxa6 31. Qd2 Nc5 32. Nd4 Rb8 33. Nb5 Qb6 34. Nxd6 1-0

[Event "Reykjavik Open 2024"]
[Site "Reykjavik ISL"]
[Date "2024.03.16"]
[Round "3.97"]
[White "Thorisson, Benedikt"]
[Black "Birkisson, Bardur Orn"]
[Result "1-0"]
[BlackTitle "CM"]
[WhiteElo "1992"]
[BlackElo "2189"]
[WhiteFideId "2314576"]
[BlackFideId "2310597"]
[EventDate "2024.03.15"]

1. e4 c5 2. Nf3 e6 3. d4 cxd4 4. Nxd4 Nc6 5. Nc3 Qc7 6. Be3 a6 7. Qd2 Nf6 8. f3
Be7 9. g4 b5 10. O-O-O Nxd4 11. Qxd4 Bb7 12. Be2 Rc8 13. Qb6 Qxb6 14. Bxb6 Bc5
15. Bxc5 Rxc5 16. Rd4 h5 17. a4 hxg4 18. axb5 gxf3 19. bxa6 Bxe4 20. Nxe4 Nxe4
21. Bxf3 d5 22. b4 Rb5 23. Bxe4 dxe4 24. Rhd1 Ke7 25. Rd8 Rb8 26. R1d7+ Kf6 27.
Rxb8 Rxb8 28. a7 Ra8 29. b5 e5 30. b6 e3 31. Kd1 Kf5 32. Ke2 Ke4 33. Rd3 Rh8 34.
Rxe3+ Kd4 35. h3 Kd5 36. b7 1-0

[Event "Reykjavik Open 2024"]
[Site "Reykjavik ISL"]
[Date "2024.03.16"]
[Round "3.99"]
[White "Loncke, Matthieu"]
[Black "Acarbay, Algi"]
[Result "1/2-1/2"]
[WhiteElo "2175"]
[BlackElo "1981"]
[WhiteFideId "45197148"]
[BlackFideId "6303692"]
[EventDate "2024.03.15"]

1. d4 d5 2. c4 e6 3. Nf3 Nf6 4. Bg5 a6 5. cxd5 exd5 6. Nc3 Be6 7. e3 Nbd7 8. Be2
c6 9. O-O Bd6 10. Qc2 Qc7 11. Bh4 O-O 12. Rab1 Bg4 13. Bg3 Bxg3 14. hxg3 Nb6 15.
Bd3 Nc8 16. Ne5 Be6 17. Ne2 Nd6 18. f3 g6 19. Kf2 Bf5 20. Bxf5 Nxf5 21. g4 Nd6
22. Nf4 Qe7 23. Rh1 c5 24. g5 cxd4 25. exd4 Rac8 26. Qd3 Nfe4+ 27. fxe4 Nxe4+
28. Kg1 Qxg5 29. Nxd5 Rc1+ 30. Rxc1 Qxc1+ 31. Kh2 Qxh1+ 32. Kxh1 Nf2+ 33. Kg1
Nxd3 34. Nxd3 Rd8 35. Ne3 Rxd4 36. Ne1 Rd2 37. Nc4 Rd4 38. Ne3 Rd2 39. Nc4 Rd4
40. Ne3 1/2-1/2

[Event "Reykjavik Open 2024"]
[Site "Reykjavik ISL"]
[Date "2024.03.16"]
[Round "3.100"]
[White "Grigoriev, Dmitriy"]
[Black "Stenzel, Thomas"]
[Result "1-0"]
[WhiteElo "1986"]
[BlackElo "2175"]
[WhiteFideId "34181676"]
[BlackFideId "4632770"]
[EventDate "2024.03.15"]

1. d4 d5 2. c4 Nc6 3. Nc3 dxc4 4. d5 Na5 5. Qa4+ c6 6. b4 b5 7. Qxa5 Qxa5 8.
bxa5 b4 9. e4 bxc3 10. Bxc4 Rb8 11. dxc6 e5 12. Be3 Rb2 13. Ne2 Bb4 14. O-O Bxa5
15. Bxa7 Ne7 16. Rfc1 Nxc6 17. Bc5 Be6 18. Bd3 Kd7 19. Nxc3 Rhb8 20. a4 R8b3 21.
Nd1 Rxd3 22. Nxb2 Rb3 23. Rab1 Kc7 24. Nd1 Rd3 25. Ne3 Bb3 26. Nc4 Ba2 27. Nxa5
Bxb1 28. Rxb1 Nxa5 29. Bb6+ Kc6 30. Bxa5 Ra3 31. Rc1+ Kd7 32. Bc3 1-0